CLINICAL PHARMACOLOGY IN NURSING (Record no. 4000)

MARC details
000 -LEADER
fixed length control field 00375nam a2200145Ia 4500
008 - FIXED-LENGTH DATA ELEMENTS--GENERAL INFORMATION
fixed length control field 150201s1984 xx 000 0 und d
082 ## - DEWEY DECIMAL CLASSIFICATION NUMBER
Classification number 615.329
Item number C1984R
100 ## - MAIN ENTRY--PERSONAL NAME
Personal name RODMAN,MORTIN J.
245 ## - TITLE STATEMENT
Title CLINICAL PHARMACOLOGY IN NURSING
250 ## - EDITION STATEMENT
Edition statement 2ND
260 ## - PUBLICATION, DISTRIBUTION, ETC. (IMPRINT)
Name of publisher, distributor, etc. LIPPINCOTT PUBLICATION
Place of publication, distribution, etc. PHILADELPHIA
Date of publication, distribution, etc. 1984
300 ## - PHYSICAL DESCRIPTION
Extent 1-1008
650 ## - SUBJECT ADDED ENTRY--TOPICAL TERM
Topical term or geographic name as entry element PHARMACOLOGY
942 ## - ADDED ENTRY ELEMENTS (KOHA)
Source of classification or shelving scheme Dewey Decimal Classification
Koha item type Books
Holdings
Withdrawn status Lost status Source of classification or shelving scheme Damaged status Not for loan Home library Current library Date acquired Source of acquisition Cost, normal purchase price Serial Enumeration / chronology SGTU Bill Number Total Checkouts Full call number Barcode Date last seen Bill Date Koha item type
    Dewey Decimal Classification     SGT Dental Library SGT Dental Library 10/06/2008 U.B.S.DELHI 1250.00 1 SGTU 1023   615.329 C1984R FD5142 09/02/2015 17/01/2013 Books
    Dewey Decimal Classification     SGT Dental Library SGT Dental Library 10/06/2008 U.B.S.DELHI 1250.00 1 SGTU 1023   615.329 C1984R FD5143 09/02/2015 17/01/2013 Books
    Dewey Decimal Classification     SGT Dental Library SGT Dental Library 10/06/2008 U.B.S.DELHI 1250.00 1 SGTU 1023   615.329 C1984R FD5144 09/02/2015 17/01/2013 Books
    Dewey Decimal Classification     SGT Dental Library SGT Dental Library 10/06/2008 U.B.S.DELHI 1250.00 1 SGTU 1023   615.329 C1984R FD5145 09/02/2015 17/01/2013 Books
    Dewey Decimal Classification     SGT Dental Library SGT Dental Library 10/06/2008 U.B.S.DELHI 1250.00 1 SGTU 1023   615.329 C1984R FD5146 09/02/2015 17/01/2013 Books